| 000 | 00624nam a22002057a 4500 | ||
|---|---|---|---|
| 999 |
_c9116 _d9116 |
||
| 003 | AR-CdUCM | ||
| 008 | 190327b ||||| |||| 00| 0 sp d | ||
| 040 |
_aMUNICIPALIDAD PROVINCIAL DEL CUSCO _cBIBLIOTECA MUNICIPAL DEL CUSCO |
||
| 082 |
_a869.56 / _bV18 |
||
| 100 |
_aGustavo, Valcarcel _925128 |
||
| 245 | _aEl Amanecer Latente / | ||
| 260 |
_aPerú : _bPeru Nuevo , _c1931. |
||
| 300 |
_a170 páginas ; _c17 cm. |
||
| 500 | _aContiene deciatoria a Luis Nieto | ||
| 650 |
_aPoesia Peruana _9280 |
||
| 650 |
_aPoesia Latinoamericana _92147 |
||
| 650 |
_aPoesia Indigenista _916794 |
||
| 942 |
_2ddc _cLIBROS |
||
| 945 | _artm | ||